[Event "Capablanca Memorial op 44th"]
[Site "Havana"]
[Date "2009.06.12"]
[Round "5"]
[White "Clavijo, Jorge Mario"]
[Black "Marrero Lopez, Yaniet"]
[Result "1-0"]
[WhiteElo "2365"]
[BlackElo "2224"]
[PlyCount "93"]
[EventDate "2009.06.08"]
[EventType "swiss"]
[EventRounds "10"]
[EventCountry "CUB"]
[SourceTitle "CBM 130 Extra"]
[Source "ChessBase"]
[SourceDate "2009.07.02"]
[SourceVersion "2"]
[SourceVersionDate "2009.07.15"]
[SourceQuality "1"]

1. e4 e5 2. Nf3 Nc6 3. Bb5 Nf6 4. 0-0 Nxe4 5. d4 Nd6 6. Bxc6 dxc6 7. dxe5 Nf5 8. Qxd8+ Kxd8 9. Nc3 Bd7 10. h3 h6 11. Ne4 b6 12. b3 Kc8 13. Bb2 c5 14. c4 Be6 15. g4 Ne7 16. Nfd2 g5 17. Ng3 Ng6 18. Nh5 Kb7 19. Ne4 Be7 20. Kh2 a6 21. Nef6 Bxf6 22. exf6 Rad8 23. Rad1 b5 24. Ng7 Bc8 25. Rfe1 Rxd1 26. Rxd1 Nf4 27. Be5 Ne6 28. Kg3 Nd8 29. f4 Nc6 30. Bc3 Nd4 31. Bxd4 Rd8 32. h4 gxh4+ 33. Kxh4 cxd4 34. g5 hxg5+ 35. fxg5 c5 36. g6 fxg6 37. Kg5 Kc6 38. f7 Rf8 39. Kxg6 Kd6 40. Kf6 Bg4 41. Rg1 Bd7 42. Rg5 bxc4 43. bxc4 Rh8 44. Rd5+ Kc7 45. Ke7 Bc6 46. Ne6+ Kb6 47. Rd6 1-0